000 00593nam a2200229Ia 4500
003 OSt
005 20220927112355.0
006 a|||||r|||| 00| 0
007 ta
008 220926b |||||||| |||| 00| 0 eng d
024 _a151245
037 _cReports
040 _aRTL
_cRTL
_beng
041 _2eng
_aeng
082 _a"X415.2,W,Rs, J9/EC"
110 _a"India, Lok Sabha Estimates (Committee)"
245 0 _a71 Report
260 _c1959
700 _a"India, Lok Sabha Estimates (Committee)"
942 _h"X415.2,W,Rs, J9/EC"
_cCC
999 _c700179
_d700179